MARC details
| 000 -LÍDER |
| campo de controle de tamanho fixo |
01531naa a22003857a 4500 |
| 001 - NÚMERO DE CONTROLE |
| campo de controle |
BR8101161 |
| 003 - IDENTIFICADOR DO NÚMERO DE CONTROLE |
| campo de controle |
BR-BrBNA |
| 005 - DATA E HORÁRIO DA ÚLTIMA TRANSAÇÃO |
| campo de controle |
20250716170957.0 |
| 007 - CAMPO FIXO DE DESCRIÇÃO FÍSICA--INFORMAÇÃO GERAL |
| campo de controle de tamanho fixo |
ta |
| 008 - CAMPO DE DADOS FIXOS--INFORMAÇÃO GERAL |
| campo de controle de tamanho fixo |
250630b bl.|||m| |||| 00| 0 por d |
| 040 ## - FONTE DA CATALOGAÇÃO |
| Instituição da catalogação original |
BR-BrBNA |
| Idioma da catalogação |
por |
| Instituição que transcreveu o registro |
Biblioteca Nacional de Agricultura |
| 041 ## - CÓDIGO DE IDIOMA |
| Código do idioma do texto/trilha sonora ou título diferente |
(Pt) |
| 072 ## - CÓDIGO DE CATEGORIA DE ASSUNTO |
| Código de Categoria de Assunto |
F25; F60 |
| Código do objeto |
0120 |
| -- |
3820 |
| -- |
3830 |
| -- |
3810 |
| -- |
3840 |
| -- |
G514 |
| 090 ## - NÚMERO DE CHAMADA LOCAL |
| Número de chamada |
F25 BR8101161 |
| 100 1# - ENTRADA PRINCIPAL--NOME PESSOAL |
| Nome pessoal |
Vieira, F.Z.G. |
| 100 1# - ENTRADA PRINCIPAL--NOME PESSOAL |
| Nome pessoal |
Antero Neto, J.F. |
| 100 1# - ENTRADA PRINCIPAL--NOME PESSOAL |
| Nome pessoal |
Peixoto Filho, J.R. |
| 245 1# - TÍTULO |
| Título |
Efeito dos macronutrientes na cultura do milho [Zea mays; Nitrogenio; Fosforo; Potassio; Calagem; Missao Velha; Ceara; Brasil] |
| 246 1# - FORMA VARIANTE DO TÍTULO |
| Título/título abreviado |
[Effect of macronutrients on maize crop [Zea mays; Nitrogen; Phosphorus; Potassium; Liming; Missao Velha; Ceara; Brazil]] |
| 246 1# - FORMA VARIANTE DO TÍTULO |
| Título/título abreviado |
[Yearly research report - 1979. Phytotechny] |
| 490 ## - TÍTULO DA SÉRIE |
| Título da série |
Relatorio Anual de Pesquisa - Empresa de Pesquisa Agropecuaria do Ceara (Brazil) |
| 500 ## - NOTA GERAL |
| Nota geral |
Relatorio anual de pesquisa - 1979. Fitotecnia<br/>Fortaleza, CE (Brasil): 1980. p. 10-18 [7 ref.; Summary (Pt)]<br/>(BR8101161-AMS)<br/> |
| 650 ## - ASSUNTO--TERMO TÓPICO |
| Cabeçalho tópico ou nome geográfico |
Fertilidade do solo |
| 650 ## - ASSUNTO--TERMO TÓPICO |
| Cabeçalho tópico ou nome geográfico |
Nutricao vegetal |
| 650 ## - ASSUNTO--TERMO TÓPICO |
| Cabeçalho tópico ou nome geográfico |
Milho |
| 650 ## - ASSUNTO--TERMO TÓPICO |
| Cabeçalho tópico ou nome geográfico |
Fertilizante nitrogenado |
| 650 ## - ASSUNTO--TERMO TÓPICO |
| Cabeçalho tópico ou nome geográfico |
Fertilizante fosfatado |
| 650 ## - ASSUNTO--TERMO TÓPICO |
| Cabeçalho tópico ou nome geográfico |
Fertilizante potassico |
| 650 ## - ASSUNTO--TERMO TÓPICO |
| Cabeçalho tópico ou nome geográfico |
Calagem |
| 650 ## - ASSUNTO--TERMO TÓPICO |
| Cabeçalho tópico ou nome geográfico |
Macroelemento |
| 650 ## - ASSUNTO--TERMO TÓPICO |
| Cabeçalho tópico ou nome geográfico |
Ceara |
| 773 0# - ENTRADA ANALÍTICA |
| Título |
Relatorio anual de pesquisa - 1979. Fitotecnia |
| Número de controle do registro |
F25 BR8101161 |
| Partes relacionadas |
Fortaleza, CE (Brasil), 1980. p. 10-18 |
| 942 ## - ELEMENTOS DE ENTRADA ADICIONADOS (KOHA) |
| Tipo de material Koha |
Analítica de Monografia Seriada |
| Fonte da classificação ou esquema de arquivamento na estante |
Classificação AGRIS |
| 909 ## - |
| -- |
202506 |
| -- |
Lúcia |
| -- |
55 |
| -- |
Lúcia Elande |